000 01210nam a22002417a 4500
999 _c58533
_d58533
003 Ge_BSU
005 20220525133149.0
008 220525s2013 ge ||||| |||| 00| 0 geo d
041 _ageo
080 _a341.241+331.106+346.3+339.542 ბ-25
100 _aბარკალაია, ლამარა
_913849
245 _aხელშეკრულებათა კრებული :
_b(საჩუქრად წიგნის CD ვერსია) /
_cლამარა ბარკალაია, თეიმურაზ ბენიძე, ნანა გულუა.
250 _aმეორე გადამუშავებული გამოცემა
264 _aთბილისი,
_c2013.
300 _a175 გვ.;
_b29 სმ.
501 _aთან ახლავს 1 ცალი CD დისკი
504 _aბიბლიოგრ. გვ.172
653 _aსამართალი
653 _aხელშეკრულებათა ნიმუშები
700 _aბენიძე, თეიმურაზ
_eავტორი
_913850
700 _aგულუა, ნანა
_eავტორი
_913851
942 _2udc
_cBK